All British Speedway Teams by Name Since 1929 - Statistics

General Stats
  • This quiz has been taken 6 times
  • The average score is 193 of 263
Answer Stats
No. of Seasons Answer First Last % Correct
23 Arena Essex Hammers 1984 2006
100%
5 Belle Vue 1929 1933
100%
86 Belle Vue Aces 1934 2026
100%
13 Belle Vue Colts 1968 2025
100%
1 Belle Vue Goats 1934 1934
100%
1 Belle Vue Merseysiders 1937 1937
100%
57 Berwick Bandits 1968 2026
100%
1 Berwick Border Raiders 1997 1997
100%
3 Berwick Bullets 2021 2023
100%
1 Birmingham 1934 1934
100%
2 Birmingham Blues 1929 1930
100%
45 Birmingham Brummies 1946 2025
100%
1 Birmingham Bulls 2025 2025
100%
2 Bradford Barons 1974 1975
100%
12 Bradford Dukes 1986 1997
100%
4 Bradford Northern 1970 1973
100%
2 Bradford Panthers 1960 1962
100%
1 Bradford Tudors 1957 1957
100%
2 Brafield Flying Foxes 1954 1955
100%
1 Buxton Bulls 2026 2026
100%
2 Buxton Hi-Edge Hitmen 1994 1995
100%
23 Buxton Hitmen 1996 2018
100%
1 Cardiff 1936 1936
100%
3 Cardiff Dragons 1951 1953
100%
5 Coventry 1929 1933
100%
70 Coventry Bees 1948 2018
100%
4 Coventry Storm 2013 2016
100%
7 Crewe Kings 1969 1975
100%
1 Eastbourne Dons 1991 1991
100%
57 Eastbourne Eagles 1947 2019
100%
1 Eastbourne Starlets 1996 1996
100%
1 Edinburgh 1930 1930
100%
4 Edinburgh Academy 2023 2026
100%
63 Edinburgh Monarchs 1948 2026
100%
54 Exeter Falcons 1947 2005
100%
64 Glasgow Tigers 1946 2026
100%
22 Hackney Hawks 1963 2011
100%
8 Hackney Kestrels 1984 1991
100%
1 Halifax 1929 1929
100%
24 Halifax Dukes 1949 1985
100%
1 Harringay 1934 1934
100%
3 Harringay Canaries 1929 1931
100%
7 Harringay Racers 1948 1954
100%
6 Harringay Tigers 1934 1939
100%
2 Hull Angels 1948 1949
100%
22 Hull Vikings 1971 2005
100%
68 Ipswich Witches 1952 2026
100%
8 Kent Kings 2013 2021
100%
1 King's Lynn Barracudas 2009 2009
100%
1 King's Lynn Braves 1999 1999
100%
1 King's Lynn Kids 2002 2002
100%
5 King's Lynn Knights 1998 2002
100%
2 King's Lynn Starlets 1969 1970
100%
54 King's Lynn Stars 1966 2026
100%
9 King's Lynn Young Stars 2010 2025
100%
12 Lakeside Hammers 2007 2018
100%
1 Leicester 1929 1929
100%
1 Leicester Fox Cubs 2025 2025
100%
1 Leicester Hounds 1937 1937
100%
14 Leicester Hunters 1949 1962
100%
7 Leicester Lion Cubs 2019 2026
100%
31 Leicester Lions 1968 2026
100%
2 Leicester Stadium 1930 1931
100%
2 Leicester Super 1930 1931
100%
1 Middlesbrough 1929 1929
100%
16 Middlesbrough Bears 1939 1996
100%
13 Middlesbrough Tigers 1979 2026
100%
2 Newcastle 1929 1930
100%
1 Newcastle Brough 1946 1946
100%
57 Newcastle Diamonds 1938 2021
100%
3 Newcastle Gems 2002 2004
100%
1 Newcastle Magpies 1949 1949
100%
1 Newcastle Specials 1986 1986
100%
4 Newport 1973 1976
100%
1 Newport Dragons 1977 1977
100%
3 Newport Hornets 2009 2011
100%
9 Newport Mavericks 1998 2006
100%
24 Newport Wasps 1964 2011
100%
1 Northampton Foxes 2026 2026
100%
5 Oxford Chargers 2022 2026
100%
58 Oxford Cheetahs 1949 2026
100%
1 Oxford Cubs 1997 1997
100%
4 Oxford Rebels 1972 1975
100%
3 Oxford Silver Machine 2003 2005
100%
3 Oxford Silver Machine Academy 2003 2005
100%
2 Oxford Spires 2024 2025
100%
53 Peterborough Panthers 1970 2023
100%
4 Peterborough Pumas 2000 2003
100%
2 Peterborough Thundercats 1996 1997
100%
1 Plymouth Bulldogs 1961 1961
100%
2 Plymouth Centurions 2022 2025
100%
24 Plymouth Devils 1947 2018
100%
7 Plymouth Gladiators 2019 2026
100%
1 Plymouth Panthers 1936 1936
100%
3 Plymouth Tigers 1932 1934
100%
75 Poole Pirates 1948 2026
100%
2 Poole Wildcats 1985 1986
100%
1 Reading Bulldogs 2006 2006
100%
39 Reading Racers 1968 2008
100%
1 Reading Ravens 1996 1996
100%
11 Scunthorpe Saints 1972 2012
100%
21 Scunthorpe Scorpions 2005 2026
100%
2 Scunthorpe/Sheffield 2011 2024
100%
8 Scunthorpe Stags 1979 2014
100%
4 Sheffield 1929 1933
100%
4 Sheffield Prowlers 2000 2003
100%
1 Sheffield Tars 1950 1950
100%
70 Sheffield Tigers 1938 2026
100%
51 Stoke Potters 1939 2019
100%
4 Stoke Spitfires 2004 2007
100%
71 Swindon Robins 1949 2019
100%
3 Swindon Sprockets 1996 2004
100%
5 Teesside Teessiders 1968 1972
100%
6 Teesside Tigers 1973 1978
100%
3 Trelawny Tigers 2001 2003
100%
4 Walthamstow Wolves 1934 1951
100%
1 Wembley 1934 1934
100%
24 Wembley Lions 1929 1971
100%
2 West Ham 1929 1934
100%
1 West Ham Bombers 1972 1972
100%
28 West Ham Hammers 1930 1971
100%
1 West Ham Hawks 1938 1938
100%
1 Weymouth Eagles 1968 1968
100%
1 Weymouth Royals 1964 1964
100%
1 Weymouth Scorchers 1955 1955
100%
13 Weymouth Wildcats 1978 2010
100%
4 Weymouth Wizards 1974 1977
100%
3 White City 1929 1930
100%
3 White City Rebels 1976 1978
100%
1 Wolverhampton Cubs 2003 2003
100%
3 Wolverhampton Wasps 1951 1953
100%
60 Wolverhampton Wolves 1961 2023
100%
1 Aldershot Poppies 1957 1957
67%
5 Aldershot Shots 1950 1959
67%
1 Anglian Angels 1997 1997
67%
5 Birmingham Bulldogs 1929 1938
67%
1 Bolton 1929 1929
67%
2 Bournemouth Buccaneers 2009 2010
67%
16 Bristol Bulldogs 1936 1978
67%
1 Burnley 1929 1929
67%
1 Chesterton Potters 1973 1973
67%
2 Clapton Saints 1932 1933
67%
2 Coatbridge Monarchs 1968 1969
67%
5 Coatbridge Tigers 1973 1977
67%
1 Cradley Heathens 2016 2016
67%
4 Cradley United 1973 1976
67%
3 Crayford Highwaymen 1968 1970
67%
9 Crayford Kestrels 1975 1983
67%
1 Doncaster Dragons 1970 1970
67%
2 Glasgow 1930 1931
67%
1 Hanley 1929 1929
67%
5 Hanley Potters 1947 1951
67%
17 Isle Of Wight Islanders 1997 2013
67%
4 Isle Of Wight Warriors 2016 2019
67%
1 Iwade Kent Crusaders 1994 1994
67%
1 Kent Eagles 2025 2025
67%
3 Kent Royals 2021 2023
67%
2 Leeds 1929 1931
67%
1 Leeds Lions 1938 1938
67%
2 Liverpool 1929 1930
67%
5 Liverpool Chads 1949 1953
67%
2 Liverpool Merseysiders 1936 1937
67%
1 Liverpool Pirates 1960 1960
67%
1 London Lions 1996 1996
67%
8 Long Eaton Archers 1951 1974
67%
16 Long Eaton Invaders 1982 1997
67%
5 Long Eaton Rangers 1969 1973
67%
1 Manchester 1931 1931
67%
4 Motherwell Eagles 1951 1954
67%
2 New Cross 1934 1963
67%
2 New Cross Lambs 1934 1935
67%
13 New Cross Rangers 1937 1961
67%
1 New Cross Tamers 1936 1936
67%
1 Norwich Starlets 1958 1958
67%
22 Norwich Stars 1937 1964
67%
2 Paisley Lions 1975 1976
67%
3 Preston 1929 1931
67%
1 Rayleigh Rovers 1957 1957
67%
20 Redcar Bears 2006 2026
67%
1 Redcar Cubs 2008 2008
67%
4 Rye House 1954 1959
67%
3 Rye House Cobras 2008 2010
67%
9 Rye House Raiders 2002 2016
67%
40 Rye House Rockets 1974 2018
67%
1 Rye House Roosters 1955 1955
67%
1 Salford 1929 1929
67%
1 Scottish Monarchs 1996 1996
67%
1 Shuttle Cubs 1997 1997
67%
20 Somerset Rebels 2000 2019
67%
24 Southampton Saints 1929 1963
67%
1 Southern Rovers 1956 1956
67%
9 St. Austell Gulls 1950 2000
67%
1 Sunderland Gladiators 1974 1974
67%
1 Sunderland Saints 1964 1964
67%
3 Sunderland Stars 1971 1973
67%
1 Wigan Warriors 1947 1947
67%
1 Wimbledon 1934 1934
67%
61 Wimbledon Dons 1929 2005
67%
36 Workington Comets 1970 2026
67%
1 Workington Tigers 1987 1987
67%
9 Yarmouth Bloaters 1948 1960
67%
5 Ashfield Giants 1949 2000
33%
2 Barnsley 1929 1930
33%
1 Barrow Blackhawks 1985 1985
33%
2 Barrow Bombers 1973 1974
33%
1 Barrow Furness Flyers 1978 1978
33%
1 Barrow Happy Faces 1972 1972
33%
7 Boston Barracuda-Braves 2000 2006
33%
19 Boston Barracudas 1970 2008
33%
20 Canterbury Crusaders 1968 1987
33%
3 Carmarthen Dragons 2002 2004
33%
42 Cradley Heath Heathens 1947 2019
33%
1 Cradley & Stoke Heathens 1996 1996
33%
1 Doncaster Stallions 1969 1969
33%
4 Dudley Heathens 2010 2013
33%
12 Ellesmere Port Gunners 1972 1985
33%
4 Fleetwood Flyers 1948 1951
33%
5 Hackney Wick Wolves 1935 1939
33%
2 Hastings Saxons 1948 1949
33%
2 High Beech Foresters 1930 1931
33%
4 Linlithgow Lightning 1994 1999
33%
1 Mildenhall Academy 2006 2006
33%
44 Mildenhall Fen Tigers 1975 2023
33%
1 Newpool 1964 1964
33%
1 Norfolk Braves 1998 1998
33%
1 Nottingham 1937 1937
33%
2 Nottingham Olympic 1930 1931
33%
2 Nottingham Outlaws 1979 1980
33%
2 Nottingham Wasps 1933 1936
33%
4 Odsal Boomerangs 1946 1949
33%
7 Odsal Tudors 1950 1956
33%
19 Rayleigh Rockets 1949 1973
33%
2 Ringwood Turfs 1954 1955
33%
2 Rochdale 1929 1930
33%
2 Rochdale Hornets 1970 1971
33%
2 Ryde Wight Wizards 1996 1997
33%
5 Sittingbourne Crusaders 1995 2008
33%
2 Skegness Braves 1997 1998
33%
3 Stamford Bridge Brigands 1930 1932
33%
1 Stamford Bridge Pensioners 1929 1929
33%
1 Steelers 2025 2025
33%
3 Tamworth Hounds 1947 1949
33%
1 Tamworth Tammies 1950 1950
33%
2 Warrington 1929 1930
33%
1 Western Warriors 1997 1997
33%
2 Armadale Dale Devils 2004 2005
0%
2 Armadale Devils 2021 2022
0%
3 California Poppies 1954 1956
0%
3 Cleveland Bays 1994 2007
0%
6 Crystal Palace Glaziers 1929 1939
0%
3 Devon Demons 1995 2014
0%
1 Foxhall Heath Witches 1959 1959
0%
1 Lathallan Lightning 1997 1997
0%
4 Lea Bridge 1929 1934
0%
1 Lea Bridge Cubs 1938 1938
0%
1 M4 Raven Sprockets 1997 1997
0%
15 Milton Keynes Knights 1978 1992
0%
1 Neath Welsh Dragons 1962 1962
0%
3 Nelson Admirals 1968 1970
0%
1 Owlerton Prowlers 1996 1996
0%
3 Romford Bombers 1969 1971
0%
1 Wombwell 1930 1930
0%
2 Wombwell Colliers 1947 1948
0%
No matching quizzes found
Score Distribution
Percent of People with Each Score
Percentile by Number Answered
Your Score History
You have not taken this quiz